000
00250nam a2200097Ia 4500
001
707639
005
20250826162512.0
008
250824s9999 xx 000 0 und d
245
0
_a
KÜÇÜK PRENSES
_c
FRANCES HODGSON BURNETT
260
_b
TİMAŞ YAYINLARI
999
_c
707639
_d
707639